000 00479nam a22001937a 4500
001 26979
003 BD-RjUL
005 20211209051109.0
008 140324b1967 ch ||||| |||| 00| 0 eng d
035 _a(BD-RjUL)27050
040 _aBD-RjUL
_beng
_cBD-RjUL
041 _aeng
082 _a923.2
_bTSM 1967
100 _aTSE-TUNG MAO
_982906
245 _aMAO TSE-TUNG /
_cMAO TSE-TUNG
300 _a189 p. ;
_c16 cm.
650 _aliterature
_vBiography
_982907
942 _2ddc
_cBK
999 _c26979
_d26979